| 000 | 00976cam a2200277Mi 4500 | ||
|---|---|---|---|
| 001 | 95328 | ||
| 005 | 20230410103950.0 | ||
| 008 | 991228s1977 cu 000 0 spa d | ||
| 035 | _a(OCoLC)ocn468614897 | ||
| 040 |
_aBDF _bfre _cBDF |
||
| 016 | 7 |
_aFRBNF375889690000008 _2FrPBN |
|
| 035 | _a(OCoLC)468614897 | ||
| 050 | 1 | 4 | _aAL473p 1977 |
| 100 | 1 |
_aAlvarez Baragano, Jose, _d1932-1962. _4aut |
|
| 245 | 1 | 0 |
_aPoesia color de libertad / _cJose Alvarez Baragano. |
| 260 |
_aLa Habana : _bUnion de escritores y artistas de Cuba, _c1977. |
||
| 300 |
_a303 p. : _bcouv. ill. en coul. ; _c18 cm. |
||
| 490 | 0 | _aBolsilibros union | |
| 856 | 4 | 2 |
_3Notice et cote du catalogue de la Bibliotháeque nationale de France _uhttp://catalogue.bnf.fr/ark:/12148/cb375889697 |
| 886 | 1 |
_2intermrc _a009 _bax-x--------------- |
|
| 886 | 2 |
_2intermrc _a917 _b-- _oOPL _a025008421 |
|
| 886 | 2 |
_2intermrc _a918 _b-- _oOPL _a00000007 _bACQOET |
|
| 942 |
_2lcc _cbk |
||
| 994 |
_aC0 _bDRFGD |
||
| 946 | _anc | ||
| 999 |
_c29374 _d29374 |
||